How Disneyland works.

Organizácia atrakcií a služieb pre návštevníkov zábavného parku Disneyland. Podrobný popis bezpečnostných opatrení, zabezpečenie čistoty, prístupu personálu k potrebám návštevníkov, prevencia problémov, ochrana prostredia.

Salvato in:
Dettagli Bibliografici
Autore principale: Stratton, B.
Natura: Capitolo di libro
Lingua:inglese
Soggetti:
Tags: Aggiungi Tag
Nessun Tag, puoi essere il primo ad aggiungerne!!

MARC

LEADER 00000naa a2200000 4500
001 r006237
005 20221213084406.0
041 0 |a eng 
044 |a US 
245 1 0 |a How Disneyland works.  |c B. Stratton 
520 |a Organizácia atrakcií a služieb pre návštevníkov zábavného parku Disneyland. Podrobný popis bezpečnostných opatrení, zabezpečenie čistoty, prístupu personálu k potrebám návštevníkov, prevencia problémov, ochrana prostredia. 
610 2 0 |a Disneyland 
610 2 0 |a organizácia 
610 2 0 |a služby 
610 2 0 |a USA 
610 2 0 |a ochrana prostredia životného 
610 2 0 |a bezpečnosť 
100 1 |a Stratton, B.